| 000 | 00000nam##2200000za#4500 |
| 001 | 9.649365 |
| 003 | CaOODSP |
| 005 | 20210615113648 |
| 007 | ta |
| 008 | 150407|2003||||xxc||||| f|0| 0 eng|d |
| 020 | |a0-662-37706-0 |
| 040 | |aCaOODSP|beng |
| 043 | |an-cn--- |
| 086 | 1 |aM144-50/2004E |
| 110 | 1 |aCanada.|bNatural Resources Canada. |bOffice of Energy Efficiency. |
| 245 | 10|aStand-alone wind energy systems : |ba buyer's guide |
| 260 | |aOttawa - Ontario : |bNatural Resources Canada. |c©2003. |
| 300 | |a48p. : |bcoloured figs., coloured map, glossary, graphs, tables, photographs ; |c28 cm. |
| 520 | 3 |aThis buyer’s guide to stand-alone wind energy systems will help you decide if wind energy is a viable option for you. The guide will: give you some very basic theory on how wind energy works; give you pointers to determine how much power you need; help you do a rough assessment of whether wind energy will fill those power needs; introduce you to some of the components of a wind energy system; outline how to determine if wind energy makes economic sense for your circumstances; give you some practical; examples of wind energy systems. |
| 563 | |aSoftcover |
| 590 | |a07-04|b2007-01-26 |
| 690 | 07|aWind energy|2gcpds |
| 776 | 0#|tStand-alone wind energy systems |w(CaOODSP)9.688845 |